00485 a2200193 4500260001500000245003800015300000900053260001000062650003800072260000900110300000900119100000700128630006400135037001000199650002300209100002100232700002000253700001800273 bFlammarion aEléments de chimie générale a286p aParis aChimie générale: éléments c1971 b24cm lFr a54 - Chimie. Sciences minéralogiques. cristallographie  aS4968 a5 - sciences pures aSuard, michèle aPraud, Brigitte aPraud, Lionel